Wird geladen...

MBO for nonprofit organizations /

Bibliographische Detailangaben
1. Verfasser: McConkey, Dale D.
Format: Printed Book
Sprache:English
Veröffentlicht: New York : Amacom, 1975.
LEADER 00490nam a22001457a 4500
008 160922b xxu||||| |||| 00| 0 eng d
999 |c 159095  |d 159095 
020 |a . 
082 |a 658.048  
100 |a McConkey, Dale D. 
245 |a MBO for nonprofit organizations /  |c Dale D. McConkey 
260 |b Amacom,  |c 1975.  |a New York : 
300 |a 223 p. 
942 |c BK 
952 |0 0  |1 0  |4 0  |6 658_048000000000000_MCC_M  |7 0  |9 173200  |a CMS  |b CMS  |c ST1  |d 2016-09-22  |i 3894  |l 0  |o 658.048 MCC/M  |p CMS3894  |r 2016-09-22  |w 2016-09-22  |y BK